Vida, paixao e morte do heroi /
Na minha lista:
| Autor principal: | |
|---|---|
| Outros Autores: | , |
| Formato: | Desconhecido |
| Idioma: | Portuguese |
| Publicado em: |
Sao Paulo, Brasil:
Global,
1995
|
| Colecção: | Jvens inteligentes
|
| Assuntos: | |
| Tags: |
Adicionar Tag
Sem tags, seja o primeiro a adicionar uma tag!
|
MARC
| LEADER | 000000000a22000000004500 | ||
|---|---|---|---|
| 001 | 001059 | ||
| 008 | 170622b1995 bl ||||| |||| 00| 1 por d | ||
| 020 | |a 8526004867 | ||
| 041 | 0 | |a portugues | |
| 082 | |a Br869.3 |b D739v | ||
| 100 | 1 | |a Dourado, Autran, 1926- | |
| 245 | 1 | 0 | |a Vida, paixao e morte do heroi / |c Autran Dourado |
| 260 | |a Sao Paulo, Brasil: |b Global, |c 1995 | ||
| 300 | |a 86 páginas | ||
| 490 | 1 | |a Jvens inteligentes | |
| 500 | |a Número de inscripción 12720 (George Yúdice) | ||
| 650 | 1 | 4 | |a LITERATURA BRASILEÑA |v CUENTOS |
| 700 | 1 | 2 | |a Landucci, César, |e ilustrador |
| 700 | 1 | 2 | |a Negro, Maurício, |e ilustrador |
| 942 | |2 ddc |c BK | ||
| 999 | |c 2177 |d 2177 | ||



